Markets (Record no. 82916)

MARC details
000 -LEADER
fixed length control field 01232cab a22002055a 4500
001 - CONTROL NUMBER
control field L152212
008 - FIXED-LENGTH DATA ELEMENTS--GENERAL INFORMATION
fixed length control field 110210e20110204xxk 000 0 eng d
035 ## - SYSTEM CONTROL NUMBER
System control number (Sirsi) u152212
041 0# - LANGUAGE CODE
Language code of text/sound track or separate title eng
100 1# - MAIN ENTRY--PERSONAL NAME
Personal name Hatcher, David
245 00 - TITLE STATEMENT
Title Markets
Remainder of title West Midlands
260 ## - PUBLICATION, DISTRIBUTION, ETC.
Date of publication, distribution, etc. 2011
490 #0 - SERIES STATEMENT
Series statement Property Week
Volume/sequential designation 77(5) 4 February 2011, 41-52(5)
520 ## - SUMMARY, ETC.
Summary, etc. Birmingham's Mailbox scheme's retail element attracts strong investor interest. Will John Lewis commit soon to a giant store within the redevelopment of New Street Station? Logistics firm Kuehne & Nagel, tyre manufacturer Michelin and brewer Carlberg are looking for nearly 2m sq ft of industrial space in the region. Law firm Pinsent Masons is one several companies considering moves in the Birmingham office market. Industrial REIT Hansteen focuses on bringing in new tenants to its 35% vacant Birmingham Saltley Business Park. Modwen seeks £22m from the government's Regional Growth Fund to improve infrastructure at is 468 acre Longbridge scheme.
590 ## - LOCAL NOTE (RLIN)
Local note KA
651 #4 - SUBJECT ADDED ENTRY--GEOGRAPHIC NAME
Geographic name West Midlands
690 ## - LOCAL SUBJECT ADDED ENTRY--TOPICAL TERM (OCLC, RLIN)
Topical term or geographic name as entry element PROPERTY-COMMERCIAL PROPERTY-COMMERCIAL PROPERTY MARKET
690 ## - LOCAL SUBJECT ADDED ENTRY--TOPICAL TERM (OCLC, RLIN)
Topical term or geographic name as entry element PROPERTY-COMMERCIAL PROPERTY-COMMERCIAL PROPERTY FINANCE AND INVESTMENT
942 ## - ADDED ENTRY ELEMENTS (KOHA)
Suppress in OPAC 0
Holdings
Withdrawn status Lost status Source of classification or shelving scheme Damaged status Not for loan Home library Current library Shelving location Date acquired Total Checkouts Full call number Barcode Date last seen Copy number Price effective from Koha item type
    Dewey Decimal Classification     London London Journal article 10/02/2011   L152212 152212-1001 06/08/2019 1 06/08/2019 Journal article